000 01452nam0a2200301 4500
001 RU\NLR\BIBL_A\010452298
005 20250614053952.0
021 _aRU
_b2013-106116
_97376
035 _a(NLR Aleph) 010452298
090 _a9934371
_c9934371
100 _a20140818d1954 |||y0rusy50 ca
101 0 _atgk
102 _aRU
105 _ay||||||||||||
200 1 _aИсм ва сифат дар забони тоҷикӣ
_dИмена существительные и прилагательные в таджикском языке
_fШ. Н. Ниёзӣ
_gАкад. фанҳои РСС Тоҷикистон. Ин-ти забон ва адабиёт
210 _aСталинобод
_cНашр. Акад. фанҳои РСС Тоҷикистон
_d1954
215 _a47 саҳ.
_d25
225 1 _aОчеркҳо оид ба грамматикаи забони тоҷикӣ
_vҶузъи 7
320 _aБиблиогр. в подстроч. примеч.
541 1 _6z01790
_aИмена существительные и прилагательные в таджикском языке
_zrus
606 1 _aТаджикский язык
_91749179
_3RU\NLR\AUTH\661079077
686 1 _aШ152.312-212
700 1 _aНиёзӣ
_bШ. Н.
_gШавкат Норович
_4070
790 1 _6z01541
_aНиязи
_bШ. Н.
_gШавкат Норович
_4070
852 _aNLR
_bОНЛ
_jТадж./4-433
942 _cBOOK
980 _aNB